Word Ladder: December 25th Message Quiz Stats

 Plays Quiz Updated Dec 25, 2018

Support Sporcle.
Go Orange.
Score 0/46 Timer 05:00
3 Plays Today
Clue 4-Letter Rung % Correct
Lion's locksMANE
97%
Female horse•MARE•
94.9%
Narrow streetLANE
94.3%
Give, temporarilyLEND
89.1%
Hit the runwayLAND
87.1%
Winter wearCOAT
85.1%
Castle defenseMOAT
84.6%
Fine sprayMIST
83.3%
More than moreMOST
82.7%
Young lady•MISS•
82.6%
Smell awful•REEK•
81.6%
Onion's cousinLEEK
81.5%
Casual talkCHAT
81.4%
Oboe insertREED
81.4%
Subtraction wordLESS
81%
'___ we forget...'LEST
80.8%
One ____ Over the Cuckoo's NestFLEW
80.5%
Took a tumbleFELL
80.2%
Pool table materialFELT
79.9%
New York financial Street•WALL•
79.3%
Water sourceWELL
79.2%
HodgepodgeMESS
78%
Nursery furnishingCRIB
77.8%
Clue 4-Letter Rung % Correct
Hearty, slow-cooked meal•STEW•
77%
Zodiac creatureCRAB
76.6%
Diamond defectFLAW
75.1%
Eco-friendly building cert.LEED
74.9%
Buddy; fellowCHAP
74.5%
A large number or quantitySLEW
73.6%
One from London or ManchesterBRIT
73.3%
Lose in a dice game, with 'out'CRAP
72.6%
Accomplishment; achievementFEAT
71.1%
Lure on a hookBAIT
71%
NFL's Collinsworth or Carter•CRIS•
70.9%
Ceremonial circumcisionBRIS
70.9%
Put one's foot downSTEP
69.5%
Musical symbolFLAT
69.1%
Tear apartREND
68.3%
Gaze at in a lascivious mannerLEER
67%
One with a crystal ballSEER
66.6%
Texas' Big ___ National ParkBEND
65.5%
Move like molassesSEEP
63.4%
Internet speakLEET
63.2%
InclinationBENT
57.8%
Top spotBEST
57.7%
Egyptian cat goddessBAST
55.9%

Today's Daily Dose

You're not logged in!

Compare scores with friends on all Sporcle quizzes.
OR
Log In
Forgot?

From the Vault

101 Clickable Actress Surnames

by MSUKent

Movies 15m
We've got your Chastains, your Pfeiffers, and much much more.
Remove Ads.
Support Sporcle.
Get the best of Sporcle when you Go Orange. This ad-free experience offers more features, more stats, and more fun while also helping to support Sporcle. Thank you for becoming a member.

Show Comments

Extras

Top Quizzes Today


Score Distribution

Your Account Isn't Verified!

In order to create a playlist on Sporcle, you need to verify the email address you used during registration. Go to your Sporcle Settings to finish the process.

Report this User

Report this user for behavior that violates our Community Guidelines.

Details: